000 01123cab a2200313 4500
001 ABS53214
008 090401t1995 xxu||||| |||| 00| 0 eng d
035 _a(Sirsi) u2686
041 _aeng
100 _aHoldsworth, P.
245 _aKeep the idle working
260 _c1995
350 _a0
490 _aProperty Week
_v52(2) 13 July 1995, 32-33(2)
520 _aAlthough some landlords are reluctant to pay for caretaker maintenance when there is no income from the building, this article emphasises the importance of maintaining an empty building and checking air-conditioning systems, water supplies, lifts, condensation and fire precautions.
650 _aBlock management
_96220
650 _aCARETAKER MAINTENANCE
650 _aEMPTY BUILDINGS
650 _aEMPTY PROPERTY
650 _aHEALTH AND SAFETY AT WORK ETC ACT 1974
650 _aHEALTH AND SAFETY
_96244
650 _aMAINTENANCE COSTS
650 _aProperty management
_96262
650 _aVISITORS
690 _aCOMMERCIAL PROPERTY-MANAGEMENT
690 _aOFFICE SERVICES AND ADMINISTRATION
942 _n0
948 _c04/03/1997
999 _c1618
_d1618